=LDR 00000nam 2200000 4500 =001 INLIS000000000027602 =005 20200812100258 =035 ##$$a 0010-061300000027602 =008 200812###########################0###### =041 ##$$a Ind =082 ##$$a 2x6.2 =090 ##$$a 2x6.2, Iqb i =100 ##$$a Iqbal,Muhammad =245 1#$$a Ibn Rusyd dan averdisme : $b Sebuah pemberontakan terhadap agama /$c Drs.Muhammad Iqbal M.Ag =260 ##$$a Gaya media pratama6c2004 :$b Jakarta =300 ##$$a xix,138 hlm, 21 cm =650 #4$$a Islam dan Sekularisme =850 ##$$a NBPNMAT =990 ##$$a 20708464 =990 ##$$a 20708462